000 00634nam a2200229 a 4500
003 AR-BaBNM
005 20251128203543.0
008 082120s2002 ||||||||||||||000 | spa||
040 _cAR-BaBNM
100 1 _aAtanasiú, Andrés Homero
245 0 0 _aLos restos del naufragio
260 _aBuenos Aires
_bLibrería Hachette
_c1971
300 _a151 p.
500 _aLa presente obra obtuvo el premio Fondo Nacional de las Artes en el año 1970
650 4 _aLITERATURA ARGENTINA
650 4 _aNOVELAS
650 4 _aLITERATURA CONTEMPORANEA
650 4 _aESCRITORES
655 _aLITERATURA
942 _cBK
998 _cMARTIN
999 _c3912
_d3912